Návrh opatrení na zefektívnenie systému hodnotenia zamestnancov v podniku ŽOS Trnava, a.s.

Salvato in:
Dettagli Bibliografici
Autore principale: Kulišková, Petra, 1991- (Autore)
Altri autori: Homokyová, Mária, 1971- (Relatore della tesi)
Natura: Manoscritto Libro
Lingua:slovacco
Pubblicazione: Trnava : STU v Bratislave MTF UPMK, 2013
Soggetti:
Accesso online:VAIS
Tags: Aggiungi Tag
Nessun Tag, puoi essere il primo ad aggiungerne!!

MARC

LEADER 00000ntm a22000003a 4500
001 stu269753
005 20150617230249.1
008 130703s2013----xo------------------slo-d
040 |a STU  |b slo 
041 0 |a slo 
044 |a xo 
100 1 |a Kulišková, Petra,  |d 1991-  |4 aut  |u M  |T MTF Materiálovotechnologická fakulta  |X 6754  |U M  |Y 60  |7 A000006754 
242 0 0 |a Proposal for the efficiency increase in the employee evaluation system in the company ŽOS Trnava, a. s.   |y eng 
245 1 |a Návrh opatrení na zefektívnenie systému hodnotenia zamestnancov v podniku ŽOS Trnava, a.s.  
260 |a Trnava :  |b STU v Bratislave MTF UPMK,  |c 2013 
650 7 |a priemyselné manažérstvo  |2 stusub 
650 7 |a Industrial Management  |2 estusub 
650 7 |a riadenie ľudských zdrojov  |2 stusub 
650 7 |a hodnotenie zamestnancov  |2 stusub 
700 1 |a Homokyová, Mária,  |d 1971-  |4 ths  |u M4000  |U MTF Materiálovotechnologická fakulta  |T MTF Ústav priemyselného inžinierstva a manažmentu  |X 2756  |U M4000  |Y 84  |7 A000002756 
856 4 |a info a plný text  |u http://is.stuba.sk/zp/portal_zp.pl?podrobnosti=102462  |3 VAIS 
996 |c M*BP-6497  |l MMSKP  |s P  |a 0  |w stu269753_0001